-- Más ancha es la Mancha (Record no. 60508)

MARC details
000 -LEADER
campo de control de longitud fija 00439nam a2200157 i 4500
001 - NÚMERO DE CONTROL
campo de control 60508
003 - IDENTIFICADOR DE NÚMERO DE CONTROL
campo de control ES-MaACL
005 - FECHA Y HORA DE LA ÚLTIMA TRANSACCIÓN
campo de control 20230906164239.0
007 - CAMPO FIJO DE DESCRIPCIÓN FÍSICA--INFORMACIÓN GENERAL
campo de control de longitud fija t|
008 - DATOS DE LONGITUD FIJA--INFORMACIÓN GENERAL
campo de control de longitud fija 031105s1971 sp ||||1| spa d
100 1# - ENTRADA PRINCIPAL--NOMBRE DE PERSONA
Nombre de persona Espinar, Virgilio.
9 (RLIN) 47846
245 10 - MENCIÓN DEL TÍTULO
Título -- Más ancha es la Mancha
Resto del título : (poemas) /
Mención de responsabilidad, etc. Virgilio Espinar.
260 ## - PUBLICACIÓN, DISTRIBUCIÓN, ETC.
Lugar de publicación, distribución, etc. [Madrid :
Nombre del editor, distribuidor, etc. s.n.,
Fecha de publicación, distribución, etc. 1971]
300 ## - DESCRIPCIÓN FÍSICA
Extensión 70 p., 1 lám. ;
Dimensiones 21 cm.
852 ## - LOCALIZACIÓN
Ubicación ES-MaACL
Número de control de estantería C-50612
Sublocalización o colección R.79462
Holdings
Estatus retirado Estado de pérdida Estado de daño No para préstamo Biblioteca de origen Biblioteca actual Ubicación en estantería Fecha de adquisición Fuente de adquisición Total de préstamos Signatura topográfica completa Código de barras Visto por última vez Precio de reemplazo Tipo de ítem Koha
        Biblioteca del Ateneo de Madrid Biblioteca del Ateneo de Madrid Depósito 2 17/01/2008     C-50612 1063459 23/02/2023 23/02/2023 Libro impreso